Configrations and predictors of Organizational Effectiveness: (Record no. 192019)

MARC details
000 -LEADER
fixed length control field 00655nam a22001817a 4500
005 - DATE AND TIME OF LATEST TRANSACTION
control field 20220909103245.0
010 ## - LCCN (DPL NO)
LC control number ENG-134986
020 ## - INTERNATIONAL STANDARD BOOK NUMBER
International Standard Book Number 978-93-86246-68-4
Terms of availability 500.00
035 ## - SYSTEM CONTROL NUMBER
System control number EN-118518
037 ## - SOURCE OF ACQUISITION
Source of stock number/acquisition DBAD/PUB
082 ## - DEWEY DECIMAL CLASSIFICATION NUMBER
Classification number 658.4013
100 ## - MAIN ENTRY--PERSONAL NAME
Personal name Das, Sudhir Chandra
245 ## - TITLE STATEMENT
Title Configrations and predictors of Organizational Effectiveness:
Remainder of title Scientific Literature Review and Agenda for Future Research/
Statement of responsibility, etc Sudhir Chandra Das
260 ## - PUBLICATION, DISTRIBUTION, ETC. (IMPRINT)
Place of publication, distribution, etc New Delhi
Name of publisher, distributor, etc Pragatisheel Prakashan
Date of publication, distribution, etc 2018
270 ## - ADDRESS
Address N3/25 First Floor Mohan Garden, Uttam Nagar
City New Delhi
Postal code 110059
300 ## - PHYSICAL DESCRIPTION
Extent 150p.
Dimensions 21cm(hbk)
942 ## - ADDED ENTRY ELEMENTS (KOHA)
Source of classification or shelving scheme Dewey Decimal Classification
Item type English Books
Classification part 658.4013
Call number suffix DAS
Holdings
Withdrawn status Lost status Not for loan Collection code Home library Current library Date acquired Source of acquisition Cost, normal purchase price Full call number Barcode Copy number Cost, replacement price Koha item type
      Non-fiction Shahdara Branch Shahdara Branch 09/09/2022 DBAD/PUB 500.00 658.4013 DAS EN-118518 1 500.00 English Books

© Delhi Public Library
Hit Counter
free hit counter